书目信息 |
| 题名: |
二手车鉴定与评估实用教程
|
|
| 作者: | 杜秀菊 , 纪世才 主编 | |
| 分册: | ||
| 出版信息: | 北京 机械工业出版社 2021.2 |
|
| 页数: | 207页 | |
| 开本: | 26cm | |
| 丛书名: | ||
| 单 册: | ||
| 中图分类: | U472.9 , F766 | |
| 科图分类: | ||
| 主题词: | 汽车--鉴定--高等教育--教材 , 汽车--价格评估--高等教育--教材 | |
| 电子资源: | ||
| ISBN: | 978-7-111-58812-2 | |
| 000 | 01125nam0 2200289 45 | |
| 001 | 012001002351 | |
| 005 | 20211013162654.31 | |
| 010 | @a978-7-111-58812-2@dCNY45.00 | |
| 100 | @a20180320d2018 em y0chiy50 ea | |
| 101 | 0 | @achi |
| 102 | @aCN@b110000 | |
| 105 | @aa z 000yy | |
| 106 | @ar | |
| 200 | 1 | @a二手车鉴定与评估实用教程@Aer shou che jian ding yu ping gu shi yong jiao cheng@b专著@f杜秀菊,纪世才主编 |
| 205 | @a2版 | |
| 210 | @a北京@c机械工业出版社@d2021.2 | |
| 215 | @a207页@c图@d26cm | |
| 300 | @a普通高等教育“十三五”汽车类规划教材 | |
| 330 | @a本书系统介绍了二手车交易与评估的知识,客观地反映了目前国内二手车市场运作的实际状况和具体方法,共分为八章,内容主要包括与评估相关的汽车基本知识以及二手车鉴定与评估的基本方法、车辆损耗指标及其计算方法、二手车技术状况鉴定、事故车损失评估、二手车交易实务等。 | |
| 606 | 0 | @a汽车@x鉴定@x高等教育@j教材 |
| 606 | 0 | @a汽车@x价格评估@x高等教育@j教材 |
| 690 | @aU472.9@v5 | |
| 690 | @aF766@v5 | |
| 701 | 0 | @a杜秀菊@Adu xiu ju@4主编 |
| 701 | 0 | @a纪世才@Aji shi cai@c(汽车)@4主编 |
| 801 | 0 | @aCN@bBJSDL@c20211011 |
| 905 | @b1339391-4@dU472.9@e1083=2@f4 | |
| 二手车鉴定与评估实用教程/杜秀菊,纪世才主编.-2版.-北京:机械工业出版社,2021.2 |
| 207页:图;26cm |
| 普通高等教育“十三五”汽车类规划教材 |
| ISBN 978-7-111-58812-2:CNY45.00 |
| 本书系统介绍了二手车交易与评估的知识,客观地反映了目前国内二手车市场运作的实际状况和具体方法,共分为八章,内容主要包括与评估相关的汽车基本知识以及二手车鉴定与评估的基本方法、车辆损耗指标及其计算方法、二手车技术状况鉴定、事故车损失评估、二手车交易实务等。 |
| ● |
| 相关链接 |
|
|
|
|
正题名:二手车鉴定与评估实用教程
索取号:U472.9/1083=2
 
预约/预借
| 序号 | 登录号 | 条形码 | 馆藏地/架位号 | 状态 | 备注 |
| 1 | 1339391 | 213393914 | 第二样本阅览室/ [索取号:U472.9/1083=2] | 在馆 | |
| 2 | 1339392 | 213393923 | 第三借阅区/ [索取号:U472.9/1083=2] | 在馆 | |
| 3 | 1339393 | 213393932 | 第三借阅区/ [索取号:U472.9/1083=2] | 在馆 | |
| 4 | 1339394 | 213393941 | 第三借阅区/ [索取号:U472.9/1083=2] | 在馆 |